Los tres locos del mundo

Gespeichert in:
Bibliographische Detailangaben
1. Verfasser: Grau, Jacinto (VerfasserIn)
Format: Buch
Sprache:Spanisch
Veröffentlicht: Buenos Aires Losada 1943
Schriftenreihe:Biblioteca Contemporánea, 26
Schlagworte:
Tags: Tag hinzufügen
Keine Tags, Fügen Sie den ersten Tag hinzu!

MARC

LEADER 00000nam a2200000 a 4500
001 UCZ1459
003 CL-VaPUC
008 950824e19430000AG |||||||||||||||||spa|d
082 0 4 |a 862  |b GRA  |2 21 
100 |a Grau, Jacinto  |e author  |9 419618 
245 1 4 |a Los tres locos del mundo 
246 1 3 |a La señora guapa 
300 |a 212 p 
942 |c BK 
945 |d 19950824 00:00:00  |a rbrito 
260 |a Buenos Aires  |b Losada  |c 1943 
650 0 |a Dramas españoles  |9 267081 
650 7 |a COMEDIAS ESPAÑOLAS  |2 CL-VaPUC  |9 345024 
583 |a last modification  |c 19950824 00:00:00  |k Rodrigo Vera 
490 0 |a Biblioteca Contemporánea, 26 
999 |c 238204  |d 238202 
952 |0 0  |1 0  |4 0  |6 862_000000000000000_GRA_1943  |7 0  |8 A  |9 248235  |a BIBEDU  |b BIBEDU  |d 2019-11-18  |i 3107833  |o 862 GRA 1943  |p 3107833  |r 2019-11-18  |w 2019-11-18  |y BK  |k LIT